000 00520 a2200181 4500
003 OSt
005 20260307132615.0
008 260307b |||||||| |||| 00| 0 eng d
020 _a9789364879941
040 _coclc
082 _a894.812301
_bAKH/O
100 1 _aAkhila, Ke. Es.
_910623
245 _aORE NIRAMULLA RANDU VAKKUKAL /
_cAKHILA K S
250 _a2nd Ed.
260 _aKottayam:
_bD C Books.
_c2025,
300 _a143 pages
942 _2ddc
_cBK
_h894.812301
_iAKH/O
_k894.812301
_mAKH/O
999 _c44665
_d44665